Nyomdaipari balesetelhárító és egészségvédő óvórendszabály. 20-1 /
Uložené v:
| Médium: | Kniha |
|---|---|
| Jazyk: | Hungarian |
| Vydané: |
Budapest :
Táncsics könyvkiadó,
1973.
|
| Vydanie: | 1. kiad. |
| Edícia: | Könnyűipari Minisztérium
3/1973 |
| ISBN: |
(brož.) |
| Fyzický popis: |
33 s. ; 14 cm. |
| Tagy: |
Pridať tag
Žiadne tagy, Buďte prvý kto otaguje tento záznam!
|
Titul je dostupný aj v ... 

MARC
| LEADER | 00000nam a22000004a 4500 | ||
|---|---|---|---|
| 001 | 000422425 | ||
| 005 | 20130619195300.0 | ||
| 008 | 130619s1973 hu e 000 0 hun d | ||
| 020 | |a (brož.) |c Kčs 1,00 | ||
| 040 | |a SVKKK |b slo |c SVKKK |e AACR2 | ||
| 041 | 0 | |a hun | |
| 044 | |a hu |c HU | ||
| 245 | 0 | 0 | |a Nyomdaipari balesetelhárító és egészségvédő óvórendszabály. |n 20-1 / |c szerkesztette Robáczky Józsefné. |
| 250 | |a 1. kiad. | ||
| 260 | |a Budapest : |b Táncsics könyvkiadó, |c 1973. | ||
| 300 | |a 33 s. ; |c 14 cm. | ||
| 490 | 1 | |a Könnyűipari Minisztérium |v 3/1973 | |
| 830 | 0 | |a Könnyűipari Minisztérium |v 3/1973 | |
| 910 | |a svkkk | ||
| 998 | |a BK | ||
| 090 | |g SCKHL |k Sklad Hlavná 10 suterén |a I.42474 |j 499025 |i 2720631537 |s Absenčne | ||